00238nam a22001097a 4500041000900000082001500009100002000024245001800044260003200062300000700094650002700101 aUrdu a297.5bWAH aWahiduddin Khan aAzmat-e-Momin aNoidabGoodword Booksc2017 a50 aReligious Life - Islam